Movies by Plot II Quiz Stats

 Plays Quiz Updated Jun 11, 2018

Score 0/24 Timer 06:00
0 Plays Today
Plot Movie % Correct
A young cop must save the passengers of a bus that has a bomb set to explode if the bus goes below 50 MPH.Speed
88.4%
Bagheera the Panther and Baloo the Bear have a difficult time trying to convince a boy to leave the jungle for human civilization.The Jungle Book
84.9%
A Las Vegas-set comedy centered around three groomsmen who lose their about-to-be-wed buddy during their drunken misadventures, then must retrace their steps in order to find him.The Hangover
80%
Musical about two youngsters from rival NYC gangs who fall in love.West Side Story
73.5%
An Iowa corn farmer, hearing voices, interprets them as a command to build a baseball diamond in his fields; he does, and the Chicago Black Sox come.Field of Dreams
71.6%
When an asteroid the size of Texas is headed for Earth the world's best deep core drilling team is sent to nuke the rock from the inside.Armageddon
65.5%
An African prince goes to Queens, New York City to find a wife whom he can respect for her intelligence and will.Coming to America
64.3%
At the end of his career, a clueless fashion model is brainwashed to kill the Prime Minister of Malaysia.Zoolander
61.1%
A mousy and abused girl with telekinetic powers gets pushed too far on one special night.Carrie
55.6%
Dr. Richard Kimble, unjustly accused of killing his wife, must find the real one-armed killer while avoiding Marshal Sam Gerard.The Fugitive
51.7%
A high-school boy is given the chance to write a story for Rolling Stone Magazine about an up-and-coming rock band as he accompanies it on their concert tour.Almost Famous
48.3%
Homer's epic poem 'The Odyssey', set in the deep south during the 1930's. In it, three escaped convicts search for hidden treasure while a relentless lawman pursues them.O Brother, Where Art Thou?
47.3%
Plot Movie % Correct
An emotionally self-destructive boxer's journey through life, as the violence and temper that leads him to the top in the ring, destroys his life outside it.Raging Bull
42.6%
A down-and-out golfer attempts to recover his game and his life with help from a mystical caddy.The Legend of Bagger Vance
41.9%
The story of George Jung, the man who established the American cocaine market in the 1970's.Blow
41.9%
Robert Gould Shaw leads the US Civil War's first all-black volunteer company, fighting prejudices of both his own Union army and the Confederates.Glory
40.2%
Greed, deception, money, power, and murder occur between two mobster best friends and a trophy wife over a gambling empire.Casino
37%
A film that explores the dark and miserable town Basin City and tells the story of three different people, all caught up in the violent corruption of the city.Sin City
33.4%
With a childhood tragedy that overshadowed their lives, three men are reunited by circumstance when one loses a daughter.Mystic River
28.6%
Fledgling writer Briony Tallis, as a 13-year-old, irrevocably changes the course of several lives when she accuses her older sister's lover of a crime he did not commit.Atonement
27.2%
During her son's college graduation, Jane hooks up with her ex-husband, Jake, who's married to a younger woman...It's Complicated
26.4%
A humble orphan suddenly becomes a gentleman with the help of an unknown benefactor.Great Expectations
21.3%
A private detective takes on a case that involves him with three eccentric criminals, a gorgeous liar, and their quest for a priceless statuette.The Maltese Falcon
20.6%
A hapless New York advertising executive is mistaken for a government agent by a shady organization, and is pursued across the country while he looks for a way to survive.North by Northwest
12.4%

You're not logged in!

Compare scores with friends on all Sporcle quizzes.
OR
Log In

Sporcle TV

Today on Sporcle TV


Watch our educational content, quiz creation guides, and fun videos on Sporcle TV.

Show Comments

Extras

Top Quizzes Today


Score Distribution

Your Account Isn't Verified!

In order to create a playlist on Sporcle, you need to verify the email address you used during registration. Go to your Sporcle Settings to finish the process.

Report this User

Report this user for behavior that violates our Community Guidelines.

Details: